1419 1157 1953 1257 1268 1709 1063 1449 1418 1771 1640 1872 1173 1461 1190 1541 1372 1024 1708 1029 1531 1006 1053 1230 1950 1976 1930 1097 1702 1409 1049 1502 1649 1747 1809 1333 1515 1935 1796 1041 1164 1335 1865 1197 1992 1458 1557 1464 1487 1563 1988 1636 1235 1072 1734 1777 1130 1994 1545 1560 1797 1578 1979 1559 1253 1761 1017 1744 1968 1284 1929 1600 1172 1053 1784 1254 1631 1934 1874 1074 1614 1368 1232 1884 1928 1901 1227 1916 1094 1116 1582 1459 1202 1822 1885 1204 1732 1129 1684 BCNSPRNW ULIB Ver.6.0+V

เปลี่ยนเป็นภาษาไทย

Change to English
 แสดงรายละเอียดบรรณานุกรม
  กลับหน้าหลัก

Brief Record : Get Marc (ISO 2709) : E-mail record : QR code < ปิดหน้าต่าง
LEADER : 00000nam 2200000uu 4500
001    13399111399
003     ULIB
008    110623s||||||||th 000 0 tha d
050  4 BQ940^bอ811 มปป.
245 00 อุตตมะ 84 ปี
260    กรุงเทพฯ :^bอมรินทร์พริ้นติ้ง,^c2537
300    586 หน้า :^bภาพประกอบ ;^c30 ซม.
500    จัดพิมพ์เป็นที่ระลึกในงานฉลองชนมายุ 84 ปี พระราชอุดมมงคลพหลนราทร วัดวังก์วิเวการาม อำเภอสังขละบุรี จังหวัดกาญจนบุรี วันที่ 17 มีนาคม พุทธศักราช 2537
600 07 พระราชอุดมมงคล พหลนราทร,^d2453-
650  7 ชีวประวัติ
650  7 สงฆ์^zไทย^vชีวประวัติ
945    ^p200^l0^i027738
995    ทศพร
999 ^a ใช้งานได้ทุกระบบ
รายการนี้ยังไม่มีแท็ก
คุณยังไม่ได้ล็อกอิน คุณสามารถมีกิจกรรมร่วมกับเว็บไซต์ได้ แต่ต้องล็อกอินก่อน ::
  ล็อกอิน

รายการสื่อสารสนเทศ

ลำดับที่ ประเภท เลขเรียก/บาร์โค้ด สถานที่ สถานะ
- ไม่พบข้อมูล -

รายการใกล้เคียง
    หัวเรื่อง [ชีวประวัติ]

BibComment


ยังไม่เคยถูกคอมเมนท์

คอมเมนท์ทรัพยากรรายการนี้
  คอมเมนท์: อุตตมะ 84 ปี


 Copyright 2026. Bcnsprnw @Library